中国四字县级行政区 Chinese counties with 4-character names - Statistics

General Stats
  • This quiz has been taken 100 times
  • The average score is 85 of 161
Answer Stats
地市 县区 % Correct
上海市 浦东新区
88%
天津市 滨海新区
87%
阿克苏地区 阿克苏市
83%
阿勒泰地区 阿勒泰市
83%
北京市 石景山区
83%
大连市 旅顺口区
81%
北京市 门头沟区
79%
自治区直辖县级行政区划 阿拉尔市
77%
海西蒙古族藏族自治州 德令哈市
77%
苏州市 张家港市
77%
成都市 都江堰市
75%
重庆市 九龙坡区
75%
大连市 瓦房店市
75%
海南省省直辖县级行政区划 五指山市
75%
克孜勒苏柯尔克孜自治州 阿图什市
73%
阿坝藏族羌族自治州 马尔康市
73%
呼伦贝尔市 满洲里市
73%
秦皇岛市 山海关区
73%
海西蒙古族藏族自治州 格尔木市
71%
巴音郭楞蒙古自治州 库尔勒市
71%
重庆市 沙坪坝区
71%
自治区直辖县级行政区划 石河子市
71%
南京市 雨花台区
71%
大连市 普兰店区
69%
秦皇岛市 北戴河区
67%
武汉市 东西湖区
67%
阿拉善盟 额济纳旗
67%
呼伦贝尔市 海拉尔区
67%
南昌市 红谷滩区
67%
吉安市 井冈山市
67%
自治区直辖县级行政区划 铁门关市
67%
兴安盟 阿尔山市
65%
唐山市 曹妃甸区
65%
十堰市 丹江口市
65%
成都市 青白江区
65%
自治区直辖县级行政区划 五家渠市
65%
岳阳市 岳阳楼区
65%
重庆市 大渡口区
63%
聊城市 东昌府区
63%
乐山市 峨眉山市
63%
长春市 公主岭市
63%
九江市 共青城市
63%
自治区直辖县级行政区划 胡杨河市
63%
成都市 龙泉驿区
63%
张家界市 武陵源区
63%
营口市 鲅鱼圈区
62%
大连市 甘井子区
62%
六盘水市 六枝特区
62%
南昌市 青山湖区
62%
沈阳市 沈北新区
62%
牡丹江市 绥芬河市
62%
南平市 武夷山市
62%
铁岭市 调兵山市
60%
石家庄市 井陉矿区
60%
襄阳市 老河口市
60%
自贡市 自流井区
60%
太原市 尖草坪区
58%
阿坝藏族羌族自治州 九寨沟县
58%
通辽市 科尔沁区
58%
娄底市 冷水江市
58%
南昌市 青云谱区
58%
淮南市 八公山区
56%
克拉玛依市 白碱滩区
56%
营口市 大石桥市
56%
克拉玛依市 独山子区
56%
邯郸市 峰峰矿区
56%
保定市 高碑店市
56%
淮安市 清江浦区
56%
呼伦贝尔市 牙克石市
56%
乌海市 海勃湾区
54%
蚌埠市 龙子湖区
54%
兰州市 七里河区
54%
毕节市 七星关区
54%
太原市 万柏林区
54%
赤峰市 巴林右旗
52%
赤峰市 巴林左旗
52%
黄石市 黄石港区
52%
永州市 冷水滩区
52%
吴忠市 青铜峡市
52%
阿坝藏族羌族自治州 若尔盖县
52%
大连市 沙河口区
52%
中卫市 沙坡头区
52%
乌兰察布市 四子王旗
52%
乐山市 金口河区
50%
鄂尔多斯市 康巴什区
50%
通化市 梅河口市
50%
沈阳市 苏家屯区
50%
淮南市 谢家集区
50%
呼伦贝尔市 扎兰屯市
50%
齐齐哈尔市 昂昂溪区
48%
乌鲁木齐市 达坂城区
48%
鄂尔多斯市 鄂托克旗
48%
河池市 金城江区
48%
枣庄市 台儿庄区
48%
南宁市 西乡塘区
48%
张家口市 下花园区
48%
太原市 杏花岭区
48%
锡林郭勒盟 阿巴嘎旗
46%
鄂州市 梁子湖区
46%
大庆市 让胡路区
46%
大庆市 萨尔图区
46%
淮南市 田家庵区
46%
黄石市 西塞山区
46%
鄂尔多斯市 准格尔旗
46%
克孜勒苏柯尔克孜自治州 阿克陶县
44%
阿勒泰地区 布尔津县
44%
石嘴山市 大武口区
44%
巴彦淖尔市 杭锦后旗
44%
赤峰市 喀喇沁旗
44%
包头市 昆都仑区
44%
呼和浩特市 清水河县
44%
北海市 铁山港区
44%
乐山市 五通桥区
44%
通辽市 扎鲁特旗
44%
克孜勒苏柯尔克孜自治州 阿合奇县
42%
鄂尔多斯市 达拉特旗
42%
通化市 二道江区
42%
吴忠市 红寺堡区
42%
泸州市 龙马潭区
42%
阜新市 清河门区
42%
乌鲁木齐市 头屯河区
42%
克拉玛依市 乌尔禾区
42%
伊春市 大箐山县
40%
辽阳市 弓长岭区
40%
昌吉回族自治州 玛纳斯县
40%
锡林郭勒盟 正镶白旗
40%
昌吉回族自治州 呼图壁县
38%
阿勒泰地区 吉木乃县
38%
玉树藏族自治州 曲麻莱县
38%
锡林郭勒盟 太仆寺旗
38%
伊犁哈萨克自治州 特克斯县
38%
盘锦市 兴隆台区
38%
阿克苏地区 阿瓦提县
37%
鸡西市 城子河区
37%
贵阳市 观山湖区
37%
阿勒泰地区 哈巴河县
37%
遵义市 红花岗区
37%
山南市 浪卡子县
37%
赤峰市 元宝山区
37%
齐齐哈尔市 碾子山区
35%
日喀则市 聂拉木县
35%
七台河市 茄子河区
35%
吐鲁番市 托克逊县
35%
赤峰市 翁牛特旗
35%
开封市 禹王台区
35%
喀什地区 岳普湖县
35%
兴安盟 扎赉特旗
35%
文山壮族苗族自治州 麻栗坡县
33%
喀什地区 麦盖提县
33%
日喀则市 桑珠孜区
33%
盘锦市 双台子区
33%
乌鲁木齐市 水磨沟区
33%
双鸭山市 四方台区
33%
辽阳市 太子河区
33%
宜昌市 伍家岗区
33%
伊犁哈萨克自治州 尼勒克县
31%
呼和浩特市 托克托县
31%
喀什地区 英吉沙县
29%
日喀则市 谢通门县
27%
昌都市 类乌齐县
25%
日喀则市 南木林县
23%
No matching quizzes found
Score Distribution
Percent of People with Each Score
Percentile by Number Answered
Your Score History
You have not taken this quiz